Normal view
MARC view
- دمشق-تاريخ سوريا، السبكيين، المماليك
Entry Topical Term
001 - CONTROL NUMBER
- control field: 50410
003 - CONTROL NUMBER IDENTIFIER
- control field: JO-AjAnu
005 - DATE AND TIME OF LATEST TRANSACTION
- control field: 20230606082311.0
008 - FIXED-LENGTH DATA ELEMENTS
- fixed length control field: 230606|| aca||aabn | a|a d
040 ## - CATALOGING SOURCE
- Original cataloging agency: JO-AjAnu
- Transcribing agency: JO-AjAnu
150 ## - HEADING--TOPICAL TERM
- Topical term or geographic name entry element: دمشق-تاريخ سوريا، السبكيين، المماليك
670 ## - SOURCE DATA FOUND
- Source citation: Work cat.: (JO-AjAnu)25772: تاليف الحزوري، حسام الدين, author 50409, دمشق والسبكيين خلال العصر المملوكي: تاريخ وحضارة، فكر واصالة